LEADER 01041nam a2200265 4500 001 000000352932 003 CaOOAMICUS 005 20260112153726.0 008 230213s2022 it 000 u ita r 020 $a978-88-06-25391-2 040 $aSeMil$bita 100 1 $aZagrebelsky, Gustavo,$d<1943- >.$0(OLS)http://semarc/name/13015 245 13$aLa lezione :$bdiscorso /$cGustavo Zagrebelsky. 264 1$aTorino :$bEinaudi,$c2022. 300 $a109 p. ;$c20 cm 490 1 $aGli struzzi ;$v13 650 4$aInsegnanti - Rapporti [con gli] Studenti.$0(OLS)http://semarc/subject/59331 830 4$aGli struzzi ;$v13.$0(OLS)http://semarc/title/6903 850 $aSeMil 852 $aSeMil$W1$xVenegono$y1$m2Q I 514$j239934$B244154$CSeMilBibl$Z2$F244154 $81 961 $aConti don Gildo - Omaggio 996 $6020$a978-88-06-25391-2$9(OLS)http://semarc/number/297648 996 $6245$aLa lezione :$bdiscorso$9(OLS)http://semarc/title/442891 996 $6264$aTorino :$bEinaudi$9(OLS)http://semarc/publisher/29884 LEADER 01272nam a2200301 i 4500 001 000000115152 003 CaOOAMICUS 005 20030514000000.0 008 030514s1984 it u000 u ita u 013 $a87840 040 $aSeMil$bita 100 1 $aFabris, Rinaldo,$c.$0(OLS)http://semarc/name/340 245 10$aAttualitą della speranza /$cRinaldo Fabris. 260 $aBrescia :$bPaideia,$c1984. 300 $a125 p. ;$c21 cm. 490 0 $aQuaderni del Centro di studi biblici di Sacile ;$v3 490 0 $aBiblioteca minima di cultura religiosa ;$v32 500 $aFondo Card. C.M. Martini. 650 4$aSperanza - Teologia.$0(OLS)http://semarc/subject/366 650 4$aBibbia - Speranza.$0(OLS)http://semarc/subject/21047 830 0$aQuaderni del Centro di studi biblici di Sacile ;$v3.$0(OLS)http://semarc/title/12255 830 0$aBiblioteca minima di cultura religiosa ;$v32.$0(OLS)http://semarc/title/6071 850 $aSeMil 852 $aSeMil$W1$xVenegono$y1$m2V I 399$j269658$B70684$CSeMilBibl$Z2$F97597 $81 941 1 $a4 961 $aOmaggio: Martini Card. Carlo Maria 996 $6245$aAttualitą della speranza$9(OLS)http://semarc/title/168557 996 $6260$aBrescia :$bPaideia$9(OLS)http://semarc/publisher/29614